Konjunktura stavebnictví v SRN

Vývoj nemeckého stavebníctva v r.1992-1994. Porovnanie tempa rastu stavebníctva vo východných a západných krajinách Nemecka. Konjunktúra v západnej časti. Bytová výstavba vo východnej časti Nemecka. Štátna a komunálna výstavba objektov infraštruktúry. Medziročný nárast západonemeckého stavebníctva d...

Descrizione completa

Salvato in:
Dettagli Bibliografici
Natura: Capitolo di libro
Lingua:ceco
Soggetti:
Tags: Aggiungi Tag
Nessun Tag, puoi essere il primo ad aggiungerne!!

MARC

LEADER 00000naa a2200000 4500
001 r019366
005 20221205102829.9
041 0 |a cze 
044 |a CZ 
245 1 0 |a Konjunktura stavebnictví v SRN 
520 |a Vývoj nemeckého stavebníctva v r.1992-1994. Porovnanie tempa rastu stavebníctva vo východných a západných krajinách Nemecka. Konjunktúra v západnej časti. Bytová výstavba vo východnej časti Nemecka. Štátna a komunálna výstavba objektov infraštruktúry. Medziročný nárast západonemeckého stavebníctva do r.2004. 
610 2 0 |a stavebníctvo 
610 2 0 |a výroba stavebná 
610 2 0 |a výstavba bytová 
610 2 0 |a konjunktúra 
610 2 0 |a Nemecko 
610 2 0 |a 1992-1994